[Event "IBM"]
[Site "Amsterdam"]
[Date "1979.??.??"]
[Round "6"]
[White "Sosonko, Gennadi"]
[Black "Sax, Gyula"]
[Result "1/2-1/2"]
[WhiteElo "2535"]
[BlackElo "2590"]
[PlyCount "28"]
[EventDate "1979.07.??"]
[Source "ChessBase"]

1. d4 Nf6 2. c4 g6 3. Nc3 d5 4. Nf3 Bg7 5. Qb3 dxc4 6. Qxc4 O-O 7. e4 Na6 8. Be2 c5 9. d5 e6 10. Bg5 h6 11. Bxf6 Bxf6 12. e5 Bg7 13. d6 Bd7 14. O-O Bc6 1/2-1/2

[Event "CZE Team Ch 9596"]
[Site "Czech Republic"]
[Date "1996.??.??"]
[Round "2"]
[White "Babula, Vlastimil"]
[Black "Ftacnik, Lubomir"]
[Result "1/2-1/2"]
[WhiteElo "2540"]
[BlackElo "2585"]
[PlyCount "67"]
[EventDate "1995.??.??"]
[Source "www.chesslib.no"]
[SourceDate "2004.05.04"]

1. d4 Nf6 2. c4 g6 3. Nc3 d5 4. Nf3 Bg7 5. Qb3 dxc4 6. Qxc4 O-O 7. e4 Na6 8. e5 Nd7 9. e6 Nb6 10. exf7+ Kh8 11. Qb3 Qd6 12. Be2 Be6 13. Qd1 Bxf7 14. O-O Rad8 15. Bg5 Nb4 16. Qc1 Nc6 17. Bf4 Qd7 18. Bb5 Nd5 19. Bh6 Qf5 20. Bxc6 bxc6 21. Re1 Nxc3 22. Bxg7+ Kxg7 23. Qxc3 Qf6 24. Ne5 h5 25. f3 Rd6 26. Rac1 Bd5 27. Qa5 Qg5 28. Qxc7 Re6 29. Kh1 Qd2 30. h3 Rf5 31. Rcd1 Qc2 32. Qa5 Qxb2 33. Qxa7 Qxa2 34. Qxa2 1/2-1/2

[Event "Debrecen"]
[Site "Debrecen"]
[Date "1989.??.??"]
[Round "?"]
[White "Eingorn, Vereslav S"]
[Black "Ftacnik, Lubomir"]
[Result "1-0"]
[WhiteElo "2570"]
[BlackElo "2550"]
[PlyCount "81"]
[EventDate "1989.06.??"]
[Source "ChessBase"]

1. d4 Nf6 2. Nf3 g6 3. c4 Bg7 4. Nc3 d5 5. Qb3 dxc4 6. Qxc4 O-O 7. e4 Na6 8. Bf4 c5 9. dxc5 Qa5 10. e5 Nd7 11. a3 Qxc5 12. Nd5 Re8 13. Rd1 h6 14. h3 Qxc4 15. Bxc4 Nb6 16. Nxb6 axb6 17. O-O Nc7 18. Be3 b5 19. Bb3 Bf5 20. Rfe1 Rac8 21. Nd4 Bxe5 22. Bxh6 Bxd4 23. Rxd4 Ne6 24. Rb4 Nc5 25. Rxb5 Bd3 26. Rb6 Nxb3 27. Rxb3 Ba6 28. Bd2 f6 29. Rbe3 Kf7 30. h4 e5 31. Bc3 Rc4 32. g3 Bb5 33. f3 Rcc8 34. Kf2 Rcd8 35. g4 Rd5 36. g5 fxg5 37. hxg5 e4 38. Rh1 Rxg5 39. Rh7+ Kf8 40. fxe4 Bc6 41. Rf3+ 1-0

[Event "King's Tournament"]
[Site "Bazna ROM"]
[Date "2007.06.20"]
[Round "5"]
[White "Mecking, H."]
[Black "Timman, J."]
[Result "1/2-1/2"]
[WhiteElo "2565"]
[BlackElo "2545"]
[PlyCount "146"]
[EventDate "2007.06.16"]
[Source "www.chesslib.no"]
[SourceDate "2004.05.04"]

1. d4 Nf6 2. c4 g6 3. Nc3 d5 4. Nf3 Bg7 5. Qb3 dxc4 6. Qxc4 O-O 7. e4 Na6 8. Be2 c5 9. d5 e6 10. O-O exd5 11. exd5 Bf5 12. Rd1 Re8 13. Bf4 Qb6 14. Bd3 Bxd3 15. Qxd3 Qxb2 16. Rab1 Qa3 17. Rxb7 c4 18. Qxc4 Rec8 19. Rb3 Rxc4 20. Rxa3 Nb4 21. g3 Nc2 22. Rb3 Nd7 23. Nb5 Nc5 24. Rbb1 a6 25. Nc7 Rd8 26. Ne5 Bxe5 27. Bxe5 Nd7 28. Bd6 Nd4 29. Be7 Rc8 30. d6 Ne2+ 31. Kg2 Nc3 32. Rbc1 R4xc7 33. dxc7 Nxd1 34. Rxd1 Rxc7 35. Rd6 f5 36. Rxa6 Nb8 37. Ra8 Rxe7 38. Rxb8+ Kg7 39. a4 Re4 40. a5 Ra4 41. Rb7+ Kh6 42. Rb5 Ra3 43. h3 Kg5 44. Rc5 Kh5 45. Rb5 Kg5 46. Rd5 Kh5 47. Rd7 Rxa5 48. Rxh7+ Kg5 49. h4+ Kf6 50. h5 gxh5 51. Rxh5 Kg6 52. Rh8 Ra2 53. Rg8+ Kf7 54. Rd8 Kg6 55. Kf3 Ra4 56. Rd6+ Kf7 57. Rd2 Kf6 58. Kg2 Ra1 59. f3 Ra3 60. Rb2 Kg6 61. Rb6+ Kf7 62. Kf2 Kg7 63. Ke2 Kf7 64. Rd6 Kg7 65. Rd3 Ra4 66. Ke3 f4+ 67. gxf4 Kf6 68. Rd6+ Kf5 69. Rd5+ Kf6 70. Rd4 Ra1 71. Rd6+ Kf5 72. Rd5+ Kf6 73. Rb5 Ra4 1/2-1/2

[Event "Jugoslavija"]
[Site "?"]
[Date "1989.??.??"]
[Round "?"]
[White "Kozul, Z."]
[Black "Popovic, P."]
[Result "1-0"]
[WhiteElo "2560"]
[BlackElo "2550"]
[PlyCount "103"]
[EventDate "1989.??.??"]
[Source "ChessBase"]
[SourceDate "1989.07.01"]

1. d4 Nf6 2. c4 g6 3. Nc3 d5 4. Nf3 Bg7 5. Qb3 dxc4 6. Qxc4 O-O 7. e4 Na6 8. Be2 c5 9. d5 e6 10. O-O exd5 11. exd5 Bf5 12. Be3 Re8 13. Rad1 h6 14. h3 Rc8 15. Rd2 Ne4 16. Nxe4 Rxe4 17. Qc1 c4 18. Nd4 Bd7 19. Ne6 fxe6 20. dxe6 Rxe6 21. Bxc4 Qe8 22. Rfd1 Bb5 23. Bxe6+ Qxe6 24. Qxc8+ Qxc8 25. Rd8+ Qxd8 26. Rxd8+ Kf7 27. b3 Nb4 28. a4 Bc6 29. Bxa7 Nd5 30. Bc5 Nf4 31. Rc8 Be5 32. Be3 Ne2+ 33. Kh1 Nd4 34. a5 Bd5 35. b4 Nf5 36. Bc5 Ne7 37. Rd8 Bc6 38. Bd6 Bc3 39. Rb8 Ke6 40. Bxe7 Kxe7 41. b5 Be5 42. Rc8 Bd7 43. Rc2 Bb8 44. a6 b6 45. Rc7 Bxc7 46. a7 Bxb5 47. a8=Q Be8 48. Qa3+ Kd8 49. Qd3+ Kc8 50. Qe3 Kd8 51. Qxh6 b5 52. h4 1-0

[Event "Groningen"]
[Site "?"]
[Date "1999.??.??"]
[Round "?"]
[White "Lalic, B."]
[Black "Najer, E."]
[Result "1/2-1/2"]
[WhiteElo "2550"]
[BlackElo "2560"]
[PlyCount "47"]
[EventDate "1999.??.??"]
[Source "Chess Informant"]
[SourceDate "1999.10.01"]

1. d4 Nf6 2. c4 g6 3. Nc3 d5 4. Nf3 Bg7 5. Qb3 dxc4 6. Qxc4 O-O 7. e4 Na6 8. e5 Nd7 9. e6 Nb6 10. exf7+ Kh8 11. Qb5 c6 12. Qa5 Nc7 13. h4 Rxf7 14. Ne5 Rxf2 15. Kxf2 Qxd4+ 16. Be3 Qxe5 17. Qxe5 Bxe5 18. h5 Bf5 19. g4 Bxg4 20. hxg6 Rf8+ 21. Kg1 h5 22. Be2 Kg8 23. Bxg4 hxg4 24. Re1 1/2-1/2

[Event "Tallinn"]
[Site "?"]
[Date "1989.??.??"]
[Round "?"]
[White "Eingorn, V."]
[Black "Gavrikov, V."]
[Result "1-0"]
[WhiteElo "2570"]
[BlackElo "2535"]
[PlyCount "67"]
[EventDate "1989.??.??"]
[Source "ChessBase"]
[SourceDate "1989.01.01"]

1. d4 Nf6 2. c4 g6 3. Nc3 d5 4. Nf3 Bg7 5. Qb3 dxc4 6. Qxc4 O-O 7. e4 Na6 8. Bf4 c5 9. dxc5 Qa5 10. e5 Nd7 11. a3 Qxc5 12. Nd5 Re8 13. Rd1 h6 14. h3 g5 15. Qxc5 Ndxc5 16. Be3 e6 17. Nf6+ Bxf6 18. exf6 Ne4 19. h4 Nxf6 20. hxg5 Ng4 21. gxh6 Nxe3 22. fxe3 f6 23. g4 Nc5 24. g5 Kf7 25. b4 Ne4 26. g6+ Kxg6 27. Bd3 f5 28. Bxe4 fxe4 29. h7 Rh8 30. Ne5+ Kf6 31. Rh5 a5 32. b5 b6 33. Ke2 Rxh7 34. Rf1+ 1-0

[Event "II"]
[Site "Amsterdam II"]
[Date "1990.??.??"]
[Round "?"]
[White "Tukmakov, Vladimir B"]
[Black "Stohl, Igor"]
[Result "1-0"]
[WhiteElo "2570"]
[BlackElo "2530"]
[PlyCount "38"]
[EventDate "1990.??.??"]
[Source "www.chesslib.no"]
[SourceDate "2004.05.04"]

1. c4 Nf6 2. Nc3 d5 3. d4 g6 4. Nf3 Bg7 5. Qb3 dxc4 6. Qxc4 O-O 7. e4 Na6 8. e5 Nd7 9. e6 fxe6 10. Be3 Nb6 11. Qb3 Nd5 12. Bxa6 bxa6 13. O-O Qd6 14. Rfe1 Bb7 15. Ng5 Nxc3 16. bxc3 Bd5 17. c4 Rab8 18. Qc2 Qc6 19. Rac1 Bxg2 1-0

[Event "Bled op 21st"]
[Site "Bled"]
[Date "2000.03.27"]
[Round "3"]
[White "Kozul, Zdenko"]
[Black "Berndt, Stephan"]
[Result "1-0"]
[WhiteElo "2597"]
[BlackElo "2500"]
[PlyCount "87"]
[EventDate "2000.03.25"]
[Source "www.chesslib.no"]
[SourceDate "2004.05.04"]

1. d4 Nf6 2. c4 g6 3. Nc3 d5 4. Nf3 Bg7 5. Qb3 dxc4 6. Qxc4 O-O 7. e4 Na6 8. Be2 c5 9. d5 e6 10. O-O exd5 11. exd5 Bf5 12. Be3 Qb6 13. b3 Rfe8 14. Rac1 Ne4 15. Nxe4 Rxe4 16. Qb5 Qxb5 17. Bxb5 Nb4 18. d6 a6 19. Bc4 b5 20. Bxf7+ Kxf7 21. Ng5+ Kg8 22. Nxe4 Bxe4 23. Rxc5 Rd8 24. f3 Bd3 25. Rd1 Rxd6 26. Rc8+ Kf7 27. Rc7+ Kg8 28. a3 Na2 29. Kf2 Nc3 30. Rc1 Nd5 31. Bc5 Re6 32. Rd7 Re2+ 33. Kg1 Nf4 34. Bd6 Rxg2+ 35. Kh1 Rc2 36. Bxf4 Rxc1+ 37. Bxc1 Bc2 38. b4 h5 39. Be3 Bf5 40. Ra7 Bb2 41. Rxa6 Kf7 42. a4 bxa4 43. Rxa4 Bd3 44. b5 1-0

[Event "Groningen"]
[Site "?"]
[Date "1990.??.??"]
[Round "?"]
[White "Piket, J."]
[Black "Gulko, B."]
[Result "1-0"]
[WhiteElo "2495"]
[BlackElo "2600"]
[PlyCount "67"]
[EventDate "1990.??.??"]
[Source "ChessBase"]
[SourceDate "1990.07.01"]

1. d4 Nf6 2. c4 g6 3. Nc3 d5 4. Nf3 Bg7 5. Qb3 dxc4 6. Qxc4 O-O 7. e4 Na6 8. Be2 c5 9. d5 e6 10. O-O exd5 11. exd5 Re8 12. Rd1 Bf5 13. d6 Ne4 14. Nb5 Bd7 15. a4 Nb4 16. Qb3 Qb6 17. Be3 Bxb5 18. Bxb5 Nc6 19. d7 Red8 20. Qc4 Nf6 21. Bxc5 Qc7 22. Bxc6 bxc6 23. Bd6 Qxd7 24. Ne5 Qb7 25. Nxc6 Re8 26. Qb5 Qd7 27. Ba3 Qe6 28. h3 a6 29. Qb7 Bf8 30. Bxf8 Kxf8 31. Ra3 Rac8 32. Rc3 Ne4 33. Nd4 Nxc3 34. Nxe6+ 1-0

[Event "Chigorin mem-A 10th"]
[Site "?"]
[Date "2002.11.02"]
[Round "8"]
[White "Lugovoi Aleksei"]
[Black "Areshchenko Alexander"]
[Result "0-1"]
[WhiteElo "2523"]
[BlackElo "2567"]
[PlyCount "46"]
[EventDate "2002.??.??"]
[Source "www.chesslib.no"]
[SourceDate "2004.05.04"]

1. d4 Nf6 2. c4 g6 3. Nc3 d5 4. Nf3 Bg7 5. Qb3 dxc4 6. Qxc4 O-O 7. e4 Na6 8. Be2 c5 9. d5 e6 10. O-O exd5 11. exd5 Bf5 12. Rd1 Qb6 13. d6 Rad8 14. Nb5 Rfe8 15. Ng5 Rd7 16. g4 Nxg4 17. a4 Ne5 18. Qh4 h6 19. Nf3 g5 20. Qg3 Ng6 21. Kf1 Nb4 22. Nc7 Rxe2 23. Kxe2 Rxc7 0-1

[Event "Aeroflot Open"]
[Site "Moscow"]
[Date "2003.02.18"]
[Round "8"]
[White "Shabalov, Alexander"]
[Black "Yandemirov, Valeri"]
[Result "1-0"]
[WhiteElo "2613"]
[BlackElo "2469"]
[PlyCount "85"]
[EventDate "2003.02.10"]
[Source "Roberto Alvarez"]
[SourceDate "2003.02.24"]

1. d4 Nf6 2. c4 g6 3. Nc3 d5 4. Nf3 Bg7 5. Qb3 dxc4 6. Qxc4 O-O 7. e4 Na6 8. Be2 c5 9. d5 e6 10. O-O exd5 11. exd5 Nb4 12. Bg5 b6 13. Qh4 h6 14. Bxh6 Nbxd5 15. Rad1 Nxc3 16. bxc3 Qe7 17. Bc4 Qe4 18. Bxf7+ Rxf7 19. Rd8+ Bf8 20. Bxf8 Qxh4 21. Bd6+ Kh7 22. Nxh4 Bb7 23. Rxa8 Bxa8 24. f4 Rd7 25. Bb8 Rd2 26. h3 Rxa2 27. Rd1 Nd5 28. c4 Ne3 29. Rd7+ Kg8 30. Be5 Be4 31. g4 Nxc4 32. Bf6 Rd2 33. Rg7+ Kf8 34. f5 gxf5 35. Ng6+ Ke8 36. Re7+ Kd8 37. Rxe4+ Kd7 38. Rxc4 fxg4 39. hxg4 a5 40. g5 Ke6 41. Ne7 Rd8 42. Re4+ Kf7 43. Bc3 1-0

[Event "Nova Gorica op"]
[Site "Nova Gorica"]
[Date "1997.??.??"]
[Round "5"]
[White "Gulko, Boris F"]
[Black "Horvath, Csaba"]
[Result "1/2-1/2"]
[WhiteElo "2595"]
[BlackElo "2485"]
[PlyCount "80"]
[EventDate "1997.01.??"]
[Source "www.chesslib.no"]
[SourceDate "2004.05.04"]

1. c4 g6 2. d4 Nf6 3. Nc3 d5 4. Nf3 Bg7 5. Qb3 dxc4 6. Qxc4 O-O 7. e4 Na6 8. Be2 c5 9. d5 e6 10. O-O exd5 11. exd5 Bf5 12. Be3 Re8 13. Rad1 Qb6 14. d6 Be6 15. Qb5 Bd7 16. Qxb6 axb6 17. Nd2 Bc6 18. Nc4 Nd7 19. Nd5 Bxd5 20. Rxd5 Nb4 21. Rd2 Rxa2 22. Bg4 f5 23. Bf3 b5 24. Na3 Rxb2 25. Rxb2 Bxb2 26. Nxb5 c4 27. Be2 Re4 28. Bf3 Re5 29. Bd4 Bxd4 30. Nxd4 Nc5 31. g3 Ne4 32. Rb1 Rd5 33. Rxb4 Rxd4 34. Bxe4 fxe4 35. Rxb7 Rxd6 36. Rc7 Rd1+ 37. Kg2 Rc1 38. Re7 Re1 39. Rc7 Rc1 40. Re7 Re1 1/2-1/2

[Event "EU-ch 2nd"]
[Site "Ohrid"]
[Date "2001.06.04"]
[Round "4"]
[White "Kozul, Zdenko"]
[Black "Jaracz, Pawel"]
[Result "0-1"]
[WhiteElo "2595"]
[BlackElo "2484"]
[PlyCount "86"]
[EventDate "2001.06.01"]
[Source "ChessBase"]
[SourceDate "2001.09.13"]

1. d4 Nf6 2. c4 g6 3. Nc3 d5 4. Nf3 Bg7 5. Qb3 dxc4 6. Qxc4 O-O 7. e4 Na6 8. Be2 c5 9. d5 e6 10. O-O exd5 11. exd5 Bf5 12. Be3 Qb6 13. Nh4 Bd7 14. a3 Ne8 15. Qa2 Nd6 16. Rac1 Rac8 17. Rfe1 Rfe8 18. Bf1 Bd4 19. Bf4 c4 20. Bg3 Rxe1 21. Rxe1 Qc5 22. Nf3 Bg7 23. Ne5 Bf5 24. Qa1 Nc7 25. Qd1 Nce8 26. Bf4 Rd8 27. g4 Bc8 28. h3 Nf6 29. Qf3 Re8 30. Re3 h6 31. Re2 Kh7 32. Be3 Qc7 33. Bd4 Ng8 34. Qg3 Re7 35. Bg2 a6 36. Rd2 Nf6 37. Kh2 Kg8 38. Qf4 Nde8 39. Re2 Nd7 40. d6 Qxd6 41. Nd5 Rxe5 42. Bxe5 Nxe5 43. Rd2 Nf3+ 0-1